Open Data Biblioteca Nacional de Portugal


República Portuguesa: Ministério da Cultura
Biblioteca Nacional de Portugal

Catálogo da BNP: acesso por Identificadores Unívocos
Registos Bibliográficos associados ao registo de autoridade

Etiqueta de registo: 00825cam 2200265 450
001 367147
003 http://id.bnportugal.gov.pt/bib/catbnp/367147
005 19981230000000.0
095 ## $aPTBN00391801
100 ## $a19920902d1991 m y0pory0103 ba
101 0# $apor
102 ## $aPT
105 ## $aa z 001yb
106 ## $ar
200 1# $aLuís das Neves Lobo$esua vida e obra$fJosé da Rocha Ramos
210 #9 $aCovelo$c[s.n.],$d1991$ePorto :$gImprensa Portuguesa)
215 ## $a58, [2] p., [12] f. il.$cil.$d21 cm
600 #1 $aLobo,$bLuís das Neves,$f1851-1925$j[Biografias]$2SIPOR$372193
675 ## $a929Lobo, Luís das Neves$vBN$zpor$31101139
700 #1 $aRamos,$bJosé da Rocha$369652
801 #0 $aPT$bBN$gRPC
966 ## $c2$lBN$mFGMON$sH.G. 40387 V.$x1
966 ## $c2$lBN$mFGMON$sH.G. 40387 V.$x1
997 ## $aBIBEOD

OpendataBNP@bnportugal.pt | Mais informação sobre acesso aos dados BNP